2002 keinsafan kisah-kisah insan bertaubat

Bibliographic Details
Main Author: Kasmuri Selamat (Author)
Format: Book
Published: Kuala Lumpur Darul Nu'man [1997]
Subjects:

MARC

LEADER 00000cam a2200000 7i4500
001 0000005348
008 021118s1997
020 |a 983046184X 
090 0 0 |a BP166.79  |b .K22 1998 
100 0 |a Kasmuri Selamat  |e author 
245 0 0 |a 2002 keinsafan  |b kisah-kisah insan bertaubat   |c Kasmuri Selamat 
260 2 |a Kuala Lumpur  |b Darul Nu'man  |c [1997] 
300 |a viii, 238 p.  |c 21 cm 
650 0 |a Islamic stories 
650 0 |a Repentance  |x Islam 
999 |a 1000078267  |b Book  |c OPEN SHELF (30 DAYS)  |e Gong Badak Campus